000 00638nam a2200157 i 4500
001 53307
003 ES-MaACL
005 20230906162737.0
008 031017s1832 xxk |||| | eng d
100 1 _aEpps, John.
_947329
245 1 0 _aCounteraction viewed as a means of cure with remarks on the uses of the issue /
_cJohn Epps.
260 _aLondon :
_bRenshaw and Rush,
_c1832.
300 _aVIII, 69 p. ;
_c22 cm.
650 0 4 _aTerapéutica.
_917479
852 _aES-MaACL
_jT-483 bis-F-2
_z- Enc. hol., en el lomo: "Folletos Cólera"
_z- Enc. en un vol. facticio
_z. - En port., anotación manuscrita: " To the editor of the Atheneum..."
999 _c53307
_d53307